000 00504nam a2200193 a 4500
001 1769855260277
003 YourLibrary
005 20260131161817.0
008 260131s1999##################000#0#eng##
020 _a9781858989976
082 0 4 _a332.421
_bLAI.1
100 1 _aLaidler, David E. W.,
_eauthor.
245 1 0 _aThe Foundations of Monetary Economics :
260 _c1999.
300 _a564 pages
650 0 _aMonetary policy.
942 _cENGLISH
040 _aYourLibrary
_beng
_cYourLibrary
999 _c609472
_d609472